NFL 2026 Rosters #8 - Statistics

General Stats
  • This quiz has been taken 62 times
  • The average score is 23 of 25
Answer Stats
Question Tile Select % Correct
Chiefs 2026 Roster Alvin Kamara No
100%
Chiefs 2026 Roster Caleb Williams No
100%
Chiefs 2026 Roster Joe Burrow No
100%
Chiefs 2026 Roster Terry McLaurin No
100%
Chiefs 2026 Roster Ty Simpson No
100%
Chiefs 2026 Roster Ashton Jeanty No
98%
Chiefs 2026 Roster Jonathan Taylor No
98%
Chiefs 2026 Roster Colston Loveland No
96%
Chiefs 2026 Roster Devin Singletary No
96%
Chiefs 2026 Roster Ollie Gordon II No
96%
Chiefs 2026 Roster Patrick Mahomes Yes
96%
Chiefs 2026 Roster Cedric Tillman No
95%
Chiefs 2026 Roster Jaylin Reed No
95%
Chiefs 2026 Roster Max Brosmer No
95%
Chiefs 2026 Roster Rashee Rice Yes
93%
Chiefs 2026 Roster Travis Kelce Yes
93%
Chiefs 2026 Roster Chris Jones Yes
91%
Chiefs 2026 Roster Creed Humphrey Yes
91%
Chiefs 2026 Roster Graham Barton No
89%
Chiefs 2026 Roster Xavier Worthy Yes
89%
Chiefs 2026 Roster Andy Borregales No
88%
Chiefs 2026 Roster Harrison Butker Yes
86%
Chiefs 2026 Roster Kenneth Walker Yes
82%
Chiefs 2026 Roster Mansoor Delane Yes
79%
Chiefs 2026 Roster Noah Gray Yes
79%
No matching quizzes found
Score Distribution
Percent of People with Each Score
Percentile by Number Answered
Your Score History
You have not taken this quiz